000 01139nam a22003377a 4500
003 CHAP
005 20220329135233.0
008 971013s1980 r 00010 d
010 _a33095
011 _a34067
035 _a38183
040 _cCHAP
090 _aTesis
100 0 0 _aLozano Frías, Fernando.
_968756
245 _aEvaluación de la masilla en la engorda de toretes tipo comercial
260 _aMonterrey, N.L. :
_bEl autor,
_c1980
300 _a34 h.
_b: gráfs.
502 _aTesis (Ing. Agr. Zootecnista) -- Univ. Autónoma de Nuevo León. Fac. de Agronomía
590 _aALEPH
_b10
_c20130110
_lUCH01
_h1257
590 _aBATCH-UPD
_b10
_c20130110
_lUCH01
_h0043
590 _aBATCH-UPD
_b10
_c20130110
_lUCH01
_h1726
590 _aBATCH-UPD
_b10
_c20130409
_lUCH01
_h2029
590 _aBATCH-UPD
_b10
_c20130410
_lUCH01
_h1108
590 _aBATCH-UPD
_b10
_c20130914
_lUCH01
_h0904
590 _aCONVERSION
_b10
_c20130109
_lUCH01
_h1319
650 1 4 _aCebada maltera
_xSubproductos.
_920730
650 1 4 _aGanado vacuno
_xAlimentación.
_945429
901 _aBK
942 _cTESIS
949 _bBC
_cTES
_d-87289
_eTS1
_i38183
_si
999 _c33095
_d33095